Introducción a la biología celular

সংরক্ষণ করুন:
গ্রন্থ-পঞ্জীর বিবরন
প্রধান লেখক: Alberts, Bruce (Author), Bray, Dennis (Author), Hopkin, Karen (Author), Johnson, Alexander (Author), Lewis, Julian (Author), Raff, Martin (Author), Roberts, Keith (Author), Walter, Peter (Author)
বিন্যাস: গ্রন্থ
ভাষা:স্প্যানিশ
প্রকাশিত: Ciudad de México Médica Panamericana 2011
সংস্করন:3a. ed
বিষয়গুলি:
ট্যাগগুলো: ট্যাগ যুক্ত করুন
কোনো ট্যাগ নেই, প্রথমজন হিসাবে ট্যাগ করুন!

MARC

LEADER 00000cam a2200000 a 4500
001 UCF7485
003 CL-VaPUC
005 20240723114728.0
008 130627e20110000MX |||||||||||||||||spa|d
999 |c 352308  |d 352306 
020 |a 9786077743187 
040 |c Pontificia Universidad Católica de Valparaíso 
082 0 4 |a 571.6  |b ALB  |2 21 
100 0 |a Alberts, Bruce  |e author  |9 60 
245 1 0 |a Introducción a la biología celular 
250 |a 3a. ed 
260 |a Ciudad de México  |b Médica Panamericana  |c 2011 
300 |a 732 p 
583 |a last modification  |c 20181128 11:36:22  |k Rodrigo Vera 
650 0 |a Biología celular  |9 341055  |v Fundamentos  
650 0 |a Células   |9 269548  |x Componentes y estructura química 
650 0 |a Citología  |9 261432  |v Problemas, ejercicios, etc. 
700 0 |a Bray, Dennis  |e author  |9 569520 
700 0 |a Hopkin, Karen  |e author  |9 569521 
700 0 |a Johnson, Alexander  |e author  |9 569522 
700 |a Lewis, Julian  |e author  |9 599840 
700 0 |a Raff, Martin  |e author  |9 569524 
700 0 |a Roberts, Keith  |e author  |9 569525 
700 0 |a Walter, Peter  |e author  |9 569526 
942 |c BK  |2 ddc 
945 |d 20130627 00:00:00  |a cmena 
952 |0 0  |1 0  |2 ddc  |3 erb  |4 0  |6 571_600000000000000_ALB_2011  |7 0  |8 A  |9 456786  |a BIBING  |b BIBING  |c RES  |i 5519144  |l 2  |o 571.6 ALB 2011  |p 5519144  |r 2025-01-20  |s 2022-04-29  |w 2019-11-22  |y BK  |z Catalogado en:20181130  |k EIB 
952 |0 0  |1 0  |2 ddc  |3 erb  |4 0  |6 571_600000000000000_ALB_2011  |7 0  |8 A  |9 456787  |a BIBING  |b BIBING  |c RES  |i 5519136  |l 2  |o 571.6 ALB 2011  |p 5519136  |r 2025-01-20  |s 2024-08-22  |w 2019-11-22  |y BK  |z Catalogado en:20181130  |k EIB 
952 |0 0  |1 0  |2 ddc  |3 erb  |4 0  |6 571_600000000000000_ALB_2011  |7 0  |8 A  |9 456788  |a BIBING  |b BIBING  |c RES  |i 5519128  |l 1  |o 571.6 ALB 2011  |p 5519128  |r 2025-01-20  |s 2022-03-21  |w 2019-11-22  |y BK  |z Catalogado en:20181130  |k EIB